000 01026aab a2200193 i 4500
001 768714001
003 CO-MdFUSB
005 20240618062717.0
008 240404t1989 ag ||||| |||| 00| 0 spa d
040 _bspa
_cCO-MdFUSB
041 _aspa
100 1 _aBreneman, Mervin (1930-)
_eautor
245 1 4 _aLos profetas y la ciudad
_c/ Mervin Breneman
300 _aVolumen 8, número 4 (diciembre, 1989), páginas: 21 - 24
_c; 27 cm
520 _aEs fácil hablar contra la injusticia y señalar a los más ricos como culpables. Pero los profetas como Isaías y Amós tuvieron que mostrar a los "buenos israelitas", "buenos creyentes", que éstos eran culpables de quebrantar indirectamente los mandamientos "no matarás" y "no hurtarás" por sus decisiones económicas. Quizá hacían todo "legalmente" pero estaban oprimiendo a sus propios hermanos israelitas.
650 0 _aMisiones
_9154
773 0 _tIglesia y Misión
_049402
_959672
_gVolumen 8, número 4 (diciembre, 1989), páginas: 21 - 24
_qpáginas: 21
942 _cANA
999 _c51856
_d51856